Statistics for Easy General Knowledge #3

Click here to take the quiz!

General Stats

  • This quiz has been taken 95 times
  • The average score is 5 of 8

Answer Stats

Hint Answer % Correct
What color are flamingosPink
100%
Who was the first black presidentBarack Obama
97%
Are wolves omnivoresNo
91%
Did Michael Jackson sing with a group or by himself to get him extremely famous.By himself
73%
What is the capital of Georgia (state)Atlanta
46%
If a male lion and a female tiger breed, what is it calledA Liger
39%
If a male tiger and a female lion breed, what is it calledA Tigon
26%
What is the capital of Georgia (country)Tibilisi
10%

Score Distribution

Percentile by Number Answered

Percent of People with Each Score

Your Score History

You have not taken this quiz